|
|
แสดงรายละเอียดบรรณานุกรม |
|
|
Brief Record
: Get Marc (ISO 2709)
: E-mail record
: |
|
|
| LEADER 00000nama 2200000uu 4500 | |||
| 001 194706 | |||
| 003 ULIBM | |||
| 008 040531s|||| th m m a000 0 tha d | |||
| 020 974-9565-53-36 | |||
| 041 tha | |||
| 050 WM 15 ศ111 2548 | |||
| 100 วรุณวรรณ ผาโครต,สิรนาถ นุชนาถและสุธิกาญจน์ ไชยลาภ. | |||
| 245 ศัพท์ : สุขภาพจิตและเวชปฏิบัติทางจิตเวชศาสตร์ =Vocabulary in Mental Health and Psychiatric Medical Practice. | |||
| 260 เค.เอส.พี.การพิมพ์. กรุงเทพฯ. 2548. | |||
| 300 496 หน้า. | |||
| 650 จิตเวชศาสตร์--คำศัพท์. | |||
| 995 002 | |||
| คุณยังไม่ได้ล็อกอิน คุณสามารถมีกิจกรรมร่วมกับเว็บไซต์ได้ แต่ต้องล็อกอินก่อน :: |
|
| สถานะ | |||||||||
| 1. | หนังสือทั่วไป สถานะ=หนังสือเก่า - บริการ ณ ห้องสมุด (ห้องเหลือง) | WM 15 ศ111 2548 | On Shelf ขอยืม | ||||||
| [แสดง 1/1 รายการ] | |||||||||
BibComment |
| คอมเมนท์ทรัพยากรรายการนี้ |
|
|